00578nam a2200205Ia 450000500170000000800410001702000150005808200130007310000150008624500290010126000520013030000180018265000190020065000120021965000110023165000140024294200060025695200950026299900150035720250129001036.0240331s9999 xx 000 0 und d a0706999762 bGATa954 aGautier, F 0aRewriting indian history aNew DelhibVikas Publishing House Pvt Ltdc1996 aXiv, 177 p ., aIndian History aCulture aSocial aPolitical cL 001040708LaWERCLbWERCLcSSCd2024-03-31l0o 954 GATp5417r2024-03-31w2024-03-31yL c4425d4425